[Event "2.BLN 1617 Turm Kiel - Hamburger SK"]
[Site "?"]
[Date "2017.05.07"]
[Round "9.7"]
[White "Meissner, Felix"]
[Black "Marxen, Peter"]
[Result "1-0"]
[WhiteElo "2305"]
[BlackElo "2072"]
[PlyCount "97"]
[EventDate "2017.??.??"]

1. e4 c6 2. Nc3 d5 3. Qe2 d4 4. Nd1 e5 5. d3 Bd6 6. g3 c5 7. f4 exf4 8. e5 Bc7
9. gxf4 Nc6 10. Nf3 Bf5 11. Rg1 g6 12. Bg2 Nge7 13. Nf2 Ba5+ 14. Kf1 h6 15. Nh4
Qd7 16. Nxf5 gxf5 17. Bh3 Qd5 18. a3 O-O-O 19. Ne4 Kb8 20. Nf6 Qe6 21. b3 Nd5
22. Nxd5 Rxd5 23. Qh5 Ne7 24. Rg7 Rf8 25. Rh7 Rdd8 26. Qxh6 Qc8 27. Qh5 Rg8 28.
Qf3 Qe6 29. Bg2 Nc6 30. Rh3 Rg7 31. Rg3 Rdg8 32. Rxg7 Rxg7 33. Qh5 Rg8 34. Rb1
Bc3 35. Qf3 Qh6 36. Qh3 Qe6 37. Qh5 a6 38. a4 Ka7 39. Ba3 Bb4 40. Bxb4 Nxb4 41.
Qf3 Qe7 42. Qf2 Qe6 43. Qf3 Qe7 44. Rc1 Na2 45. Re1 Nc3 46. e6 fxe6 47. Rxe6
Qd7 48. Re5 Rb8 49. Qh5 {(Zeit)} 1-0

[Event "2.BLN 1617 Turm Kiel - Hamburger SK"]
[Site "?"]
[Date "2017.05.07"]
[Round "9.8"]
[White "Olsen, Filip Boe"]
[Black "Doberitz, Paul"]
[Result "1/2-1/2"]
[WhiteElo "2189"]
[BlackElo "2194"]
[PlyCount "191"]
[EventDate "2017.??.??"]

1. d4 Nf6 2. Nf3 g6 3. Bf4 Bg7 4. e3 O-O 5. Be2 b6 6. O-O Bb7 7. h3 d6 8. c4
Nbd7 9. Nc3 Ne4 10. Nxe4 Bxe4 11. Nd2 Bb7 12. Bh2 c5 13. Bf3 Qc7 14. Bxb7 Qxb7
15. Nf3 Rfc8 16. Rc1 a6 17. b3 b5 18. Qd3 b4 19. Bg3 a5 20. Bh4 Nb6 21. dxc5
Rxc5 22. Nd4 Rac8 23. e4 Nd7 24. f3 Ne5 25. Qd2 Ra8 26. Bf2 Rcc8 27. Rfd1 Ra6
28. Qe2 Rca8 29. c5 dxc5 30. Rxc5 a4 31. Rdc1 axb3 32. axb3 Ra2 33. Qf1 Qa6 34.
Qxa6 R8xa6 35. Rc8+ Bf8 36. Be3 Kg7 37. Nc2 Rc6 38. Nxb4 Rxc8 39. Rxc8 Ra1+ 40.
Kh2 Rb1 41. Bd4 f6 42. Bxe5 fxe5 43. Na6 Kf7 44. Nc5 Bh6 45. Nd3 Rxb3 46. Nxe5+
Ke6 47. Nc4 Kd7 48. Rc5 Bf4+ 49. g3 Bd6 50. Rd5 Ke6 51. Kg2 Rb4 52. Nxd6 Rb2+
53. Kf1 exd6 54. h4 h5 55. Ke1 Ra2 56. Rd2 Ra3 57. Ke2 Ra5 58. Ke3 Ke5 59. Rd3
Rb5 60. f4+ Ke6 61. Kf3 Rb1 62. Rd5 Rb3+ 63. Kg2 Rb2+ 64. Kh3 Re2 65. Rg5 Kf6
66. f5 gxf5 67. exf5 d5 68. Rxh5 d4 69. Kg4 d3 70. Rh6+ Ke5 71. Re6+ Kd4 72.
Kf3 Rh2 73. Rd6+ Ke5 74. Rxd3 Kxf5 75. Rd5+ Kg6 76. Kg4 Ra2 77. Rd6+ Kg7 78. h5
Ra5 79. Kh4 Rb5 80. g4 Rb4 81. h6+ Kh7 82. Kh5 Rb5+ 83. g5 Ra5 84. Rd7+ Kg8 85.
Rg7+ Kh8 86. Rf7 Rb5 87. Kg6 Rb8 88. Rf6 Ra8 89. Re6 Rg8+ 90. Kf7 Rxg5 91. Kf6
Rg1 92. Re7 Rf1+ 93. Kg6 Rg1+ 94. Kf6 Rf1+ 95. Kg6 Rg1+ 96. Kf6 1/2-1/2